| 000 | 00764nmm a2200241 a 4500 | ||
|---|---|---|---|
| 001 | ocm0001162368 | ||
| 003 | TR-IsHL | ||
| 005 | 20201028154234.0 | ||
| 008 | 150709s2007 tu tur | ||
| 007 | cr cn | ||
| 020 | _a9789944313438 | ||
| 035 |
_a1162368 _b(N$T) |
||
| 050 | 0 | 4 |
_aPL248.G66 _bP35 2007 |
| 090 | 0 | 4 |
_aPL248.G66 _bP35 2007 |
| 100 | 1 | _aGönen, Sedanur | |
| 245 | 1 | 0 |
_aPamuk ipliği _h[electronic resource] / _cSedanur Gönen |
| 260 |
_aİstanbul : _bYalın Yayıncılık, _c2007 |
||
| 300 | _a111 p. | ||
| 650 | 4 | _aDil ve Edebiyat | |
| 650 | 4 | _aLanguage and Literature | |
| 650 | 7 |
_aLITERARY COLLECTIONS / Middle Eastern _2bisacsh |
|
| 856 | 4 | 0 | _uhttp://search.ebscohost.com/login.aspx?direct=true&scope=site&db=e011xww&AN=1162368 |
| 999 |
_c12472 _d12472 |
||